MARC

Tag First Indicator Second Indicator Subfields
LEADER 00000cam a2200000 i 4500
001 in00004815134
008 951113s1995 dcu 000 0 eng
005 20240808153207.5
010 |a  95224337  
035 |a (OCoLC)ocm34285040  
040 |a DLC  |b eng  |e rda  |c DLC  |d BAKER  |d BTCTA  |d LVB  |d YDXCP  |d OCLCQ  |d OCLCF  |d OCLCO  |d OCLCQ  |d OCLCO  |d OCLCL 
019 |a 33059937 
020 |a 0911937595 
020 |a 9780911937596 
035 |a (OCoLC)34285040  |z (OCoLC)33059937 
043 |a n-us--- 
050 0 0 |a KF3775  |b .N47 1995 
082 0 0 |a 344.73/046  |a 347.30446  |2 20 
049 |a MAIN 
245 0 0 |a NEPA deskbook /  |c [compiled by] Nicholas C. Yost. 
250 |a 2nd ed. 
264 1 |a Washington, D.C. :  |b Environmental Law Institute,  |c 1995. 
300 |a viii, 448 pages ;  |c 28 cm. 
336 |a text  |b txt  |2 rdacontent 
337 |a unmediated  |b n  |2 rdamedia 
338 |a volume  |b nc  |2 rdacarrier 
490 1 |a An ELI deskbook 
500 |a "Environmental law reporter." 
590 |b TAG Physical Holdings 2 
650 0 |a Environmental law  |z United States. 
650 0 |a Environmental impact statements  |x Law and legislation  |z United States. 
650 6 |a Environnement  |x Droit  |z États-Unis. 
650 6 |a Environnement  |x Études d'impact  |x Droit  |z États-Unis. 
650 7 |a Environmental impact statements  |x Law and legislation.  |2 fast  |0 (OCoLC)fst00913094 
650 7 |a Environmental law.  |2 fast  |0 (OCoLC)fst00913122 
651 7 |a United States.  |2 fast  |0 (OCoLC)fst01204155  |1 https://id.oclc.org/worldcat/entity/E39PBJtxgQXMWqmjMjjwXRHgrq 
700 1 |a Yost, Nicholas C. 
710 2 |a Environmental Law Institute. 
730 0 |a Environmental law reporter. 
758 |i has work:  |a NEPA deskbook (Text)  |1 https://id.oclc.org/worldcat/entity/E39PCH4dvhdxMjcgvhbVtbQgDm  |4 https://id.oclc.org/worldcat/ontology/hasWork 
830 0 |a ELI deskbook. 
938 |a Baker & Taylor  |b BKTY  |c 69.95  |d 69.95  |i 0911937595  |n 0003363788  |s active 
938 |a Baker and Taylor  |b BTCP  |n 95224337 
938 |a YBP Library Services  |b YANK  |n 1051760 
994 |a 92  |b TAG 
852 0 |a TAG  |b TAGC  |c galv,stk  |h KF3775 .N47 1995 
876 |c 75 USD  |p 33620000760419  |v unmediated -- volume 
999 f f |s 81737218-e1b4-4e59-8dde-8f764eb5cc49  |i 25d1c0e5-b98a-4d39-b0b2-6c22ab627fda  |t 0 
952 f f |p normal  |a Texas A&M University  |b Galveston Campus  |c Jack K. Williams Library  |d Galveston Stacks  |t 0  |e KF3775 .N47 1995  |h Library of Congress classification  |i unmediated -- volume  |m 33620000760419 
998 f f |a KF3775 .N47 1995  |t 0  |l Galveston Stacks